Chemistry and life : (Record no. 2790)
[ view plain ]
| 000 -LEADER | |
|---|---|
| fixed length control field | 00625cam a2200205 a 4500 |
| 001 - CONTROL NUMBER | |
| control field | BD-DhSAU 2790 |
| 003 - CONTROL NUMBER IDENTIFIER | |
| control field | BD-DhSAU |
| 005 - DATE AND TIME OF LATEST TRANSACTION | |
| control field | 20150202143526.0 |
| 008 - FIXED-LENGTH DATA ELEMENTS--GENERAL INFORMATION | |
| fixed length control field | 990913s1986 ii a 001 0 eng |
| 040 ## - CATALOGING SOURCE | |
| Original cataloging agency | BD-DhSAU |
| 082 00 - DEWEY DECIMAL CLASSIFICATION NUMBER | |
| Classification number | 540 |
| Edition number | 22 |
| Item number | JOC |
| 100 1# - MAIN ENTRY--PERSONAL NAME | |
| Personal name | Hill, John William, |
| 245 00 - TITLE STATEMENT | |
| Title | Chemistry and life : |
| Remainder of title | an introduction to general, organic, and biological chemistry / |
| Statement of responsibility, etc. | John W. Hill & Dorothy M. Feigl |
| 260 ## - PUBLICATION, DISTRIBUTION, ETC. (IMPRINT) | |
| Place of publication, distribution, etc. | Delhi : |
| Name of publisher, distributor, etc. | Surjeet publications ; |
| Date of publication, distribution, etc. | c1986. |
| 300 ## - PHYSICAL DESCRIPTION | |
| Extent | viii, 672 p.: |
| Other physical details | ill. , |
| Dimensions | 24 cm. |
| 504 ## - BIBLIOGRAPHY, ETC. NOTE | |
| Bibliography, etc | Includes index. |
| 590 ## - Name of Cataloguer | |
| Name of Cataloger | IMRAN |
| 650 #0 - SUBJECT ADDED ENTRY--TOPICAL TERM | |
| Topical term or geographic name as entry element | Chemistry. |
| 700 1# - ADDED ENTRY--PERSONAL NAME | |
| Personal name | Feigl, Dorothy M. |
| 942 ## - ADDED ENTRY ELEMENTS (KOHA) | |
| Source of classification or shelving scheme | Dewey Decimal Classification |
| Koha item type | Book |
| Withdrawn status | Lost status | Source of classification or shelving scheme | Damaged status | Not for loan | Home library | Branch Name | Shelving location | Date acquired | Total Checkouts | Full call number | Barcode | Date last seen | Price effective from | Koha item type |
|---|---|---|---|---|---|---|---|---|---|---|---|---|---|---|
| Dewey Decimal Classification | SAU Library | SAU Library | General Stacks | 30/06/1992 | 540 JOC | 22843 | 02/02/2015 | 02/02/2015 | Book | |||||
| Dewey Decimal Classification | Not For Loan | SAU Library | SAU Library | Reference | 30/06/1992 | 540 JOC | 22842 | 08/05/2015 | 08/05/2015 | Book |
